Saddest Countries Quiz - Statistics

General Stats
  • This quiz has been taken 164 times
  • The average score is 6 of 15
Answer Stats
Happiness Score Country % Correct
3.203 Afghanistan
80%
3.462 Syria
72%
3.380 Yemen
56%
3.083 Central African Republic
48%
2.853 South Sudan
47%
3.334 Rwanda
42%
3.775 Burundi
39%
3.663 Zimbabwe
36%
3.597 Haiti
33%
3.410 Malawi
32%
3.231 Tanzania
28%
3.802 Lesotho
27%
3.933 Madagascar
20%
3.488 Botswana
18%
3.973 Comoros
9%
No matching quizzes found
Score Distribution
Percent of People with Each Score
Percentile by Number Answered
Your Score History
You have not taken this quiz